Catálogo público

Síntesis y caracterización de nanopartículas de plata (NPs Ag); para su aplicación como agente antimicrobiano / (Record no. 219351)

MARC details
000 -CABECERA
campo de control de longitud fija 04777nam a2200397 a 4500
003 - IDENTIFICADOR DEL NÚMERO DE CONTROL
campo de control CHAP
005 - FECHA Y HORA DE LA ÚLTIMA TRANSACCIÓN
campo de control 20240611172136.0
007 - CAMPO FIJO DE DESCRIPCIÓN FÍSICA--INFORMACIÓN GENERAL
campo de control de longitud fija ta
008 - DATOS DE LONGITUD FIJA--INFORMACIÓN GENERAL
campo de control de longitud fija 231107s2022 mx ado|fom||| 001 0 spa d
040 ## - FUENTE DE LA CATALOGACIÓN
Normas de descripción rda
041 ## - CÓDIGO DE LENGUA
Código de lengua del texto/banda sonora o título independiente spa
Código de lengua del sumario o resumen eng
100 1# - ENTRADA PRINCIPAL--NOMBRE DE PERSONA
9 (RLIN) 188236
Nombre de persona Santos Gaspar, José Antonio
245 1# - MENCIÓN DE TÍTULO
Título Síntesis y caracterización de nanopartículas de plata (NPs Ag); para su aplicación como agente antimicrobiano /
Mención de responsabilidad, etc. José Antonio Santos Gaspar
264 ## - PRODUCCIÓN, PUBLICACIÓN, DISTRIBUCIÓN, FABRICACIÓN Y COPYRIGHT
Producción, publicación, distribución, fabricación y copyright Chapingo, México :
Nombre del de productor, editor, distribuidor, fabricante El autor,
Fecha de producción, publicación, distribución, fabricación o copyright 2022
300 ## - DESCRIPCIÓN FÍSICA
Extensión 1 recurso en línea (59 páginas) :
Otras características físicas ilustraciones, tablas, gráficas, fotos
336 ## - TIPO DE CONTENIDO
Fuente rdacontent
Término de tipo de contenido texto
Código de tipo de contenido txt
337 ## - TIPO DE MEDIO
Fuente rdamedia
Nombre/término del tipo de medio computadora
Código del tipo de medio c
338 ## - TIPO DE SOPORTE
Fuente rdacarrier
Nombre/término del tipo de soporte recurso en línea
Código del tipo de soporte cr
502 ## - NOTA DE TESIS
Nota de tesis Tesis
Tipo de título (Ingeniero Agroindustrial) --
Nombre de la institución que otorga el título Departamento de Ingeniería Agroindustrial,
Año de obtención del título 2022
Información miscelánea Licenciatura
504 ## - NOTA DE BIBLIOGRAFÍA, ETC.
Nota de bibliografía, etc. Bibliografía: páginas 53-57
520 3# - SUMARIO, ETC.
Sumario, etc. El efecto de las plagas y enfermedades ocasionadas por microorganismos patógenos ha sido un problema durante mucho tiempo para los productores primarios y secundarios, disminuyendo de manera significativa su rendimiento y usando indiscriminadamente agroquímicos. Se decidió diseñar nanopartículas de plata (NPs Ag), debido a sus propiedades antimicrobianas y así generar nuevas metodologías para inhibir microorganismos patógenos. Este trabajo presenta la síntesis y caracterización de NPs Ag por el método de reducción química de sales utilizando nitrato de plata como precursor, glucosa como agente reductor y gelatina como estabilizante. Se realizaron cuatro tratamientos (T1, T2, T3, T4) con tres repeticiones por tratamiento, para obtener nanopartículas (NPs) de tamaños promedio de 20 nm y con distribución homogénea; que posteriormente se utilizarán para evaluar su efecto antimicrobiano. Las NPs Ag se caracterizaron utilizando espectroscopia ultravioleta visible (UV-Vis), microscopia electrónica de transmisión (TEM), difracción de rayos X (DRX), potencial zeta (PZ) y diámetro hidrodinámico (DH). Los espectros UV-Vis mostraron una resonancia de plasmón superficial característica de las NPs Ag con valores de 418, 428, 422 y 423 nm para el T1, T2, T3 y T4, respectivamente. Mediante TEM se observó la morfología de las NPs Ag con tamaños promedio de 11.039, 18.56, 15.84 y 12.13873 nm para el T1, T2, T3 y T4, respectivamente. Los resultados obtenidos en DRX confirman la presencia de NPs Ag con estructura cristalina cúbica. Finalmente, los resultados obtenidos de DH fueron 363.4, 598.23, 389.06 y 324.56 nm para T1, T2, T3 y T4, respectivamente.
520 3# - SUMARIO, ETC.
Sumario, etc. The effect of pests and diseases caused by pathogenic microorganisms has been a problem for a long time for primary and secondary producers, significantly reducing their yield and using agrochemicals indiscriminately. It was decided to design silver nanoparticles (NPs Ag), due to their antimicrobial properties and thus generate new methodologies to inhibit pathogenic microorganisms. This work presents the synthesis and characterization of Ag NPs by the method of chemical reduction of salts using silver nitrate as precursor, glucose as reducing agent and gelatin as stabilizer. Four treatments (T1, T2, T3, T4) were carried out with three repetitions per treatment, to obtain nanoparticles (NPs) with an average size of 20 nm and with a homogeneous distribution; which will later be used to evaluate their antimicrobial effect. Ag NPs were characterized using ultraviolet visible spectroscopy (UV-Vis), transmission electron microscopy (TEM), X-ray diffraction (XRD), zeta potential (ZP), and hydrodynamic diameter (DH). The UV-Vis spectra showed a characteristic surface plasmon resonance of the Ag NPs with values of 418, 428, 422 and 423 nm for T1, T2, T3 and T4, respectively. Through TEM, the morphology of the Ag NPs was observed with average sizes of 11.039, 18.56, 15.84 and 12.13873 nm for T1, T2, T3 and T4, respectively. The results obtained in XRD confirm the presence of Ag NPs with a cubic crystal structure. Finally, the results obtained from DH were 363.4, 598.23, 389.06 and 324.56 nm for T1, T2, T3 and T4, respectively
650 13 - PUNTO DE ACCESO ADICIONAL DE MATERIA--TÉRMINO DE MATERIA
9 (RLIN) 163392
Término de materia o nombre geográfico como elemento de entrada Nanopartículas
Fuente del encabezamiento o término atg
650 13 - PUNTO DE ACCESO ADICIONAL DE MATERIA--TÉRMINO DE MATERIA
9 (RLIN) 89115
Término de materia o nombre geográfico como elemento de entrada Plata
Fuente del encabezamiento o término atg
650 13 - PUNTO DE ACCESO ADICIONAL DE MATERIA--TÉRMINO DE MATERIA
9 (RLIN) 188238
Término de materia o nombre geográfico como elemento de entrada Nanoplata
Fuente del encabezamiento o término atg
650 13 - PUNTO DE ACCESO ADICIONAL DE MATERIA--TÉRMINO DE MATERIA
9 (RLIN) 188240
Término de materia o nombre geográfico como elemento de entrada Propiedades antimicrobianas
Fuente del encabezamiento o término atg
650 13 - PUNTO DE ACCESO ADICIONAL DE MATERIA--TÉRMINO DE MATERIA
9 (RLIN) 163395
Término de materia o nombre geográfico como elemento de entrada Nanoparticles
Fuente del encabezamiento o término atg
650 13 - PUNTO DE ACCESO ADICIONAL DE MATERIA--TÉRMINO DE MATERIA
9 (RLIN) 188237
Término de materia o nombre geográfico como elemento de entrada Silver
Fuente del encabezamiento o término atg
650 13 - PUNTO DE ACCESO ADICIONAL DE MATERIA--TÉRMINO DE MATERIA
9 (RLIN) 188239
Término de materia o nombre geográfico como elemento de entrada Nanosilver
Fuente del encabezamiento o término atg
650 13 - PUNTO DE ACCESO ADICIONAL DE MATERIA--TÉRMINO DE MATERIA
9 (RLIN) 188241
Término de materia o nombre geográfico como elemento de entrada Antimicrobial properties
Fuente del encabezamiento o término atg
700 1# - PUNTO DE ACCESO ADICIONAL--NOMBRE DE PERSONA
9 (RLIN) 163399
Nombre de persona Navarro Cerón, Elizabeth
Término indicativo de función/relación directora
700 1# - PUNTO DE ACCESO ADICIONAL--NOMBRE DE PERSONA
9 (RLIN) 163503
Nombre de persona Aguilar Moreno, Guadalupe Stefanny
Término indicativo de función/relación asesora
700 1# - PUNTO DE ACCESO ADICIONAL--NOMBRE DE PERSONA
9 (RLIN) 188242
Nombre de persona Sánchez Fernández, Rosa Elvira
Término indicativo de función/relación asesora
856 40 - LOCALIZACIÓN Y ACCESO ELECTRÓNICOS
Texto de enlace DESCARGAR PDF
Identificador Uniforme del Recurso http://10.13.5.2/tesis/tl/1111179-3_Santos-Gaspar_JoseAntonio.pdf
942 ## - ELEMENTOS DE PUNTO DE ACCESO ADICIONAL (KOHA)
Fuente del sistema de clasificación o colocación Clasificación Universidad Autónoma Chapingo
Tipo de ítem Koha Tesis digital
Holdings
Estado de retiro Estado de pérdida Fuente del sistema de clasificación o colocación Estado dañado No para préstamo Código de colección Localización permanente Ubicación/localización actual Ubicación en estantería Fecha de adquisición Fuente de adquisición Total de préstamos Código de barras Fecha visto por última vez Precio válido a partir de Tipo de ítem Koha Restricciones de uso Signatura topográfica completa
    Clasificación Universidad Autónoma de Chapingo     Tesis digitales de Licenciatura Biblioteca Digital Biblioteca Digital En línea 06/02/2024 El autor   1301013809 06/02/2024 06/02/2024 Tesis digital Préstamo interno Tesis digital
    Clasificación Universidad Autónoma de Chapingo     Tesis digitales de Licenciatura Ingenieria Agroindustrial Ingenieria Agroindustrial En línea 07/11/2023 El autor   1201013809 07/11/2023 07/11/2023 Tesis digital